| 000 | 01267nam a2200385 a 4500 | ||
|---|---|---|---|
| 999 |
_c23935 _d23935 |
||
| 001 | vtls010481909 | ||
| 005 | 20250926101233.0 | ||
| 008 | 240314s2012 xo oa 000 0 slo | ||
| 020 | _a9788089522026 | ||
| 035 | _a2B739B2D-E1A1-4298-A861-5B2AFB900DEE | ||
| 035 | _aurn:nbn:sk:snk-amjygv | ||
| 035 | _aurn:nbn:sk:snk-am0083vn | ||
| 040 |
_aSNK _bslo _cSNK _eAACR2 |
||
| 041 | 0 |
_aslo _beng _bger _brus |
|
| 044 |
_axo _cSK |
||
| 072 | 7 |
_a75 _xMaliarstvo _2konspekt |
|
| 080 |
_a75.071.1 _22001 |
||
| 080 |
_a(084.11) _22001 |
||
| 080 |
_a(092) _22001 |
||
| 100 | 1 |
_aŽadanský, Juraj, _d1947- _4aut _94862 |
|
| 245 | 1 | 0 |
_aĽudmila Krausová-Lakomá _cJuraj Žadanský ; [fotografie obrazov: Marcel Hudák] |
| 250 | _a[1. vyd.] | ||
| 260 |
_aKošice _bBeki Design _c2012 |
||
| 300 |
_a167 s. _bfotogr., ilustr. _c31 cm |
||
| 546 | _aRes. angl., nem., rus. | ||
| 600 | 2 | 7 |
_aLakomá-Krausová, Ľudmila, _d1940- _2SNKMA _94863 |
| 650 | 0 | 7 |
_aslovenské maliarky _2SNKPH _94864 |
| 650 | 0 | 7 |
_aSlovak women painters _2SNKPHeng _94865 |
| 655 | 7 |
_abiografie _2SNKPH _91756 |
|
| 655 | 7 |
_aobrazové publikácie _2SNKPH _91466 |
|
| 655 | 7 |
_aBiography _2SNKPHeng _91759 |
|
| 655 | 7 |
_aPictorial works _2SNKPHeng _91467 |
|
| 700 | 1 |
_aHudák, Marcel _4pht _94866 |
|
| 958 | _aBX | ||